Propuesta para un plan de ordenación pesquera en la laguna de Fúquene (Registro nro. 7008)

Detalles MARC
000 -CABECERA
Campo de control 00820nam a2200253 a 4500
005 - FECHA Y HORA DE LA ULTIMA TRANSACCION
Campo de control 20200104041613.0
008 - ELEMENTOS DE LONGITUD FIJA—INFORMACION GENERAL
Campo de control 160228s2005 ck o gr|||| 000 0 spa d
040 ## - FUENTE DE CATALOGACIÓN
Agencia catalogadora original CO-BoIAVH
Agencia transcriptora CO-BoIAVH
041 0# - IDIOMA
Código de idioma para texto/pista de sonido o título separado Español
044 ## - PAÍS DE PUBLICACIÓN
País de publicación Colombia
090 ## - CLASIFICACIÓN LOCAL
Colección FG-
Consecutivo 0203
100 1# - ASIENTO PRINCIPAL--NOMBRE PERSONAL
Nombre personal Hernández B., Sandra
9 (RLIN) 5424
245 10 - MENCION DE TITULO
Título Propuesta para un plan de ordenación pesquera en la laguna de Fúquene
260 ## - PUBLICACION, DISTRIBUCION, ETC. (PIE DE IMPRENTA)
Lugar de publicación, distribución, etc. Bogotá :
Nombre del editor, distribuidor, etc. Fundación Humedales,
Fecha de publicación, distribución, etc. 2005.
300 ## - DESCRIPCION FISICA
Extensión 13 páginas :
Otros detalles físicos fotografías a color;
Dimensiones 24 x 17 cm.
490 0# - MENCION DE SERIE
Mención de serie Serie Divulgativa Técnica ;
Designación numérica/secuencial del volumen 1
650 16 - ASIENTO SECUNDARIO DE MATERIA - TERMINO TEMATICO
Término temático o nombre geográfico como elemento de entrada Producción pesquera
9 (RLIN) 24028
650 26 - ASIENTO SECUNDARIO DE MATERIA - TERMINO TEMATICO
Término temático o nombre geográfico como elemento de entrada Desarrollo sostenible
9 (RLIN) 278
650 26 - ASIENTO SECUNDARIO DE MATERIA - TERMINO TEMATICO
Término temático o nombre geográfico como elemento de entrada Recursos pesqueros
9 (RLIN) 90168
650 26 - ASIENTO SECUNDARIO DE MATERIA - TERMINO TEMATICO
Término temático o nombre geográfico como elemento de entrada Pesquería
9 (RLIN) 90169
700 1# - ASIENTO SECUNDARIO - NOMBRE PERSONAL
Nombre personal Valderrama, Mauricio
9 (RLIN) 63076
710 2# - ASIENTO SECUNDARIO - NOMBRE CORPORATIVO
Nombre corporativo o de jurisdicción como elemento de entrada Fundación humedales
9 (RLIN) 90170
942 ## - ELEMENTOS ADICIONALES (KOHA)
Tipo de ítem Folleto
Sistema de clasificación Local
Existencias
Withdrawn status Lost status Sistema de Clasificación Damaged status No para préstamo Colección Ubicación Permanente Ubicación actual Fecha de adquisición Fuente de Valor Total Checkouts Número topográfico Inventario / Código de Barras Date last seen Ejemplar Price effective from Forma de adquisición Tipo de material Inventariado
    Dewey Decimal Classification     General Bogotá Bogotá 16/07/2009 Cavelier, Inés   LB-639.21 H55p 027349 04/12/2012 Ej. 1 04/12/2012 Donación Folleto  
    Dewey Decimal Classification     General Bogotá Bogotá 05/06/2017     LB-639.21 H55p 041342 05/06/2017 Ej. 3 05/06/2017 Donación Folleto Inventariado 2017
    Dewey Decimal Classification     General Bogotá Bogotá 15/06/2017     LB-639.21 H55p 041438 15/06/2017 Ej. 2 15/06/2017 Donación Folleto  
    Dewey Decimal Classification     General Bogotá Bogotá 04/10/2017     LB-639.21 H55p 041743 04/10/2017 Ej. 4 04/10/2017 Donación Folleto Inventariado 2017